Diálogos interartísticos entre cine y literatura /

Furkejuvvon:
Bibliográfalaš dieđut
Váldodahkki: Soní Soto, Araceli (coordinación e introducción)
Materiálatiipa: Girji
Giella:espánnjágiella
Almmustuhtton: México : Terracota : UAM Xochimilco, 2022, c2022
Fáttát:
Fáddágilkorat: Lasit fáddágilkoriid
Eai fáddágilkorat, Lasit vuosttaš fáddágilkora!

MARC

LEADER 00000nam^a2200000^a^4500
001 000454114
005 20250521000000.0
009 20260310123918.394
020 |a 978-607-713-495-4 
037 |a Acervo ITESO - Biblioteca 
041 |a ESP 
082 |a 302. 235012  |b SON 
100 |a Soní Soto, Araceli  |e (coordinación e introducción) 
245 1 0 |a Diálogos interartísticos entre cine y literatura /  |c Coord. e introd. de A. Soní Soto. 
264 4 |a México :  |b Terracota :  |b UAM Xochimilco,  |c 2022, c2022 
300 |a 267 p. 
336 |a texto  |b txt  |2 rdacontenido 
337 |a sin mediación  |b n  |2 rdamedio 
338 |a volumen  |b nc  |2 rdasoporte 
521 |a FIL 2022 DIA 
649 |a XX 
650 |a Intertextualidad 
650 |a Hermenéutica 
650 |a Semiótica 
650 |a Literatura y Cine -  |x Historia y Crítica -  |x Tema Principal 
650 |a Literatura Alemana -  |x Historia y Crítica 
650 |a Literatura Rusa -  |x Historia y Crítica 
650 |a Literatura Francesa -  |x Historia y Crítica 
650 |a Literatura Inglesa -  |x Historia y Crítica 
650 |a Literatura Brasileña -  |x Historia y Crítica 
650 |a Cine Alemán -  |x Historia y Crítica 
650 |a Cine Canadiense -  |x Historia y Crítica 
650 |a Cine Francés -  |x Historia y Crítica 
650 |a Cine Italiano -  |x Historia y Crítica 
650 |a Cine Español -  |x Historia y Crítica 
650 |a Cine Brasileño -  |x Historia y Crítica 
650 |a Cine Mexicano -  |x Historia y Crítica 
650 |a Cine 
910 |a Fondo General 
920 |a Impresos - Libros 
930 |a Colección General 
905 |a 101 
901 |a 0500387481  |b IT1  |c ACC  |i C180225  |u 20250521 
902 |a https://opac.biblio.iteso.mx/vufind/Record/000454114